Valuing contaminated properties (Record no. 102746)

MARC details
000 -LEADER
fixed length control field 01769cam a2200241 4500
001 - CONTROL NUMBER
control field L0922154716
008 - FIXED-LENGTH DATA ELEMENTS--GENERAL INFORMATION
fixed length control field 030331n2002 xxud f s 000 0 eng u
020 ## - INTERNATIONAL STANDARD BOOK NUMBER
International Standard Book Number 0922154716
035 ## - SYSTEM CONTROL NUMBER
System control number (Sirsi) u121807
041 0# - LANGUAGE CODE
Language code of text/sound track or separate title eng
050 04 - LIBRARY OF CONGRESS CALL NUMBER
Classification number 333.2/32 $2 22
245 ## - TITLE STATEMENT
Title Valuing contaminated properties
Remainder of title an Appraisal Institute anthology
260 ## - PUBLICATION, DISTRIBUTION, ETC.
Place of publication, distribution, etc. Appraisal Insitute
Name of publisher, distributor, etc. Chicago
Date of publication, distribution, etc. 2002
300 ## - PHYSICAL DESCRIPTION
Extent xviii, 701p.
Other physical details ill.
Dimensions 28cm.
350 ## - PRICE (NR) (BK AM CF MU VM SE) [OBSOLETE]
Price 29.75
505 2# - FORMATTED CONTENTS NOTE
Formatted contents note The evolution of appraisal methods ? Contaminated properties and the real estate process: articles of general applicability ? Inspections, disclosures, environmental site assessments and remediation processes ? Understanding, analysing and estimating stigma ? Contaminated properties and the three traditional approaches to value ? Mortgage lenders and contaminated property ? Appraising properties affected by the various forms of environmental contamination ? Contaminated properties and the tax assessment process ? Superfund sites, hazardous waste disposal, brown-field initiatives and risk-based assessments ? Environmental insurance and environmental indemnities and guarantee programmes ? legal issues and valuation in litigation settings
520 ## - SUMMARY, ETC.
Summary, etc. Collection of 62 articles which provides a wide-ranging overview of the appraisal literature on the methods applied to deal with the various forms of contamination impacting on property, the stigma the market attaches to environmental risk, and the changing US legal environment in which these issues are addressed. Examines the many techniques used to value contaminated property.
590 ## - LOCAL NOTE (RLIN)
Local note ka
651 #4 - SUBJECT ADDED ENTRY--GEOGRAPHIC NAME
Geographic name United States
Chronological subdivision 1959-
690 ## - LOCAL SUBJECT ADDED ENTRY--TOPICAL TERM (OCLC, RLIN)
Topical term or geographic name as entry element PROPERTY-PROPERTY APPRAISAL AND VALUATION
700 ## - ADDED ENTRY--PERSONAL NAME
Personal name Roddewig, Richard J.
942 ## - ADDED ENTRY ELEMENTS (KOHA)
Suppress in OPAC 0
Holdings
Withdrawn status Lost status Source of classification or shelving scheme Damaged status Not for loan Home library Current library Shelving location Date acquired Cost, normal purchase price Total Checkouts Full call number Barcode Date last seen Copy number Cost, replacement price Price effective from Koha item type
    Dewey Decimal Classification     London London Folio 12/09/2007 29.75   F333.3/32 VAL 30074268 06/08/2019 1 29.75 06/08/2019 Book